|
|
|
|
| LEADER |
00000cam a2200000 a 4500 |
| 001 |
037261 |
| 003 |
UAHC_CL |
| 005 |
20170803124115.0 |
| 008 |
011023b xx j 000 1 eng |
| 022 |
|
|
|a 07161077
|
| 040 |
|
|
|a UAHC_CL
|c UAHC_CL
|d UAHC_CL
|
| 245 |
1 |
0 |
|a Política /
|c Instituto de Ciencia Política, Universidad de Chile.
|
| 260 |
|
|
|b Insituto de Ciencia Política. Universidad de Chile
|c 1990
|a Santiago, Chile
|
| 900 |
|
|
|a POLITICA
|
| 942 |
|
|
|c BK
|
| 952 |
|
|
|0 0
|1 0
|4 0
|6 POLITICA_34_96_000000000000000
|7 0
|8 General
|9 71182
|a BC
|b BC
|c General
|d 2017-08-03
|l 0
|o POLITICA-34/96
|p 1317120
|r 2019-01-03 00:00:00
|t 1
|w 2017-08-03
|y BK
|
| 952 |
|
|
|0 0
|1 0
|4 0
|6 POLITICA_41_01_000000000000000
|7 0
|8 General
|9 71183
|a BC
|b BC
|c General
|d 2017-08-03
|l 0
|o POLITICA-41/01
|p 1351512
|r 2019-01-03 00:00:00
|t 1
|w 2017-08-03
|y BK
|
| 952 |
|
|
|0 0
|1 0
|4 0
|6 POLITICA_08_85_000000000000000
|7 0
|8 General
|9 71184
|a BC
|b BC
|c General
|d 2017-08-03
|l 0
|o POLITICA-08/85
|p 1355899
|r 2019-01-03 00:00:00
|t 1
|w 2017-08-03
|y BK
|
| 952 |
|
|
|0 0
|1 0
|4 0
|6 POLITICA_27_91_000000000000000
|7 0
|8 General
|9 71185
|a BC
|b BC
|c General
|d 2017-08-03
|l 0
|o POLITICA-27/91
|p 1374186
|r 2019-01-03 00:00:00
|t 1
|w 2017-08-03
|y BK
|
| 952 |
|
|
|0 0
|1 0
|4 0
|6 POLITICA_42_04_000000000000000
|7 0
|8 General
|9 71186
|a BC
|b BC
|c General
|d 2017-08-03
|l 0
|o POLITICA-42/04
|p 1374336
|r 2019-01-03 00:00:00
|t 1
|w 2017-08-03
|y BK
|
| 999 |
|
|
|c 37261
|d 37261
|